000
00353nam a22001577a 4500
005
20251108172405.0
008
250721s1966 xx 000 0 eng d
082
1
4
_a
F/COC
100
1
_a
Cockett, Mary
245
1
0
_a
Roads and travelling /
264
1
_a
London :
_c
1966.
300
_a
63p.
650
1
7
_a
Fiction
942
_2
ddc
_c
BK
999
_c
78069
_d
78069